| 000 | 00000nam 2200000zi 4500 |
| 001 | 9.884671 |
| 003 | CaOODSP |
| 005 | 20240716162802 |
| 006 | m o d f |
| 007 | cr cn||||||||| |
| 008 | 200214s2020 onc o f000 0 fre d |
| 020 | |a9780660341002 |
| 040 | |aCaOODSP|bfre|erda|cCaOODSP |
| 043 | |an-cn--- |
| 045 | |ay1y1 |
| 086 | 1 |aHP2-4/2018F-1-PDF |
| 245 | 00|aPICRA 2018 : |bsommaire. |
| 264 | 1|a[Guelph, Ont.] : |bProgramme intégré canadien de surveillance de la résistance aux antimicrobiens = Canadian Integrated Program for Antimicrobial Resistance Surveillance, |c[2020] |
| 300 | |a1 ressource en ligne (1 page) |
| 336 | |atexte|btxt|2rdacontent/fre |
| 337 | |ainformatique|bc|2rdamedia/fre |
| 338 | |aressource en ligne|bcr|2rdacarrier/fre |
| 500 | |aPublié aussi en anglais sous le titre : CIPARS 2018: executive summary. |
| 500 | |a« Pub. : 190591. » |
| 500 | |aPublié aussi en format HTML. |
| 610 | 26|aProgramme intégré canadien de surveillance de la résistance aux antimicrobiens. |
| 650 | 6|aMicro-organismes|xReĢsistance aux meĢdicaments|zCanada. |
| 650 | 6|aAntiinfectieux|zCanada. |
| 710 | 2 |aProgramme intégré canadien de surveillance de la résistance aux antimicrobiens, |eorganisme de publication. |
| 710 | 2 |aAgence de santé publique du Canada, |eorganisme de publication. |
| 775 | 08|tCIPARS 2018 : |w(CaOODSP)9.884670 |
| 794 | |tSommaire et faits saillants du PICRA pour 2019.|w(CaOODSP)9.905140 |
| 795 | |tPICRA 2017 : |w(CaOODSP)9.879511 |
| 856 | 40|qPDF|s110 Ko|uhttps://publications.gc.ca/collections/collection_2021/aspc-phac/HP2-4-2018-fra-1.pdf |
| 856 | 4 |qHTML|sS.O.|uhttps://www.canada.ca/fr/sante-publique/services/surveillance/programme-integre-canadien-surveillance-resistance-antimicrobiens-picra/rapports-publications-picra/2018-rapport-annuel-sommaire.html |